|
|
|
|
| LEADER |
00000nab a2200000uu 4500 |
| 001 |
vtls011478982 |
| 003 |
SK-MaSNL |
| 005 |
20260303155012.0 |
| 008 |
230222|1990 xo |||||||||||||||||slo| |
| 015 |
|
|
|a SNBRB
|
| 035 |
|
|
|a (urnnbn)urn:nbn:sk:snk:ar-003qzo
|
| 035 |
|
|
|a (uuid)49969996-b518-40ea-adb6-b2f7e0ba2d0a
|
| 035 |
|
|
|a urn:nbn:sk:snk-abd6vk
|
| 040 |
|
|
|a SNKBUCL
|b slo
|c SNKBUCL
|e AACR2
|
| 041 |
0 |
|
|a slo
|
| 044 |
|
|
|a xo
|c SK
|
| 100 |
1 |
|
|a Dancák, František,
|d 1939-2018
|4 aut
|9 99141
|
| 245 |
1 |
0 |
|a Opravdu vstal!
|c František Dancák
|
| 773 |
0 |
|
|t Slovo : časopis gréckokatolíckej cirkvi
|g Roč. 22, č. 4 (1990), s. [1]
|
| 954 |
|
|
|a odborná, vedecká literatúra pôvodná (slovenská)
|2 lita
|
| 958 |
|
|
|a OND
|
| 958 |
|
|
|a EUIPO
|
| 958 |
|
|
|a article18
|
| 999 |
|
|
|c 2038182
|d 2040112
|